The relationship between rates and rents: an analysis of the relationship between non-domestic rates and commercial rents (Record no. 92972)

MARC details
000 -LEADER
fixed length control field 01235cam a2200277 4500
001 - CONTROL NUMBER
control field J2919
008 - FIXED-LENGTH DATA ELEMENTS--GENERAL INFORMATION
fixed length control field 090401t1995 xxu||||| |||| 00| 0 eng d
035 ## - SYSTEM CONTROL NUMBER
System control number (Sirsi) u51930
041 ## - LANGUAGE CODE
Language code of text/sound track or separate title eng
050 ## - LIBRARY OF CONGRESS CALL NUMBER
Classification number 336.21
110 ## - MAIN ENTRY--CORPORATE NAME
Corporate name or jurisdiction name as entry element Institute for Fiscal Studies
9 (RLIN) 1
245 #4 - TITLE STATEMENT
Title The relationship between rates and rents: an analysis of the relationship between non-domestic rates and commercial rents
Medium [electronic resource]
260 ## - PUBLICATION, DISTRIBUTION, ETC.
Place of publication, distribution, etc. London
Name of publisher, distributor, etc. Department of the Environment
Date of publication, distribution, etc. 1995
300 ## - PHYSICAL DESCRIPTION
Extent 64p. ; 30cm.
350 ## - PRICE (NR) (BK AM CF MU VM SE) [OBSOLETE]
Price 8.25
490 ## - SERIES STATEMENT
Series statement Local Government Research Programme: Research Report
520 ## - SUMMARY, ETC.
Summary, etc. The study, which was commissioned by the DoE, investigates whether higher business rates are reflected in lower rents for commercial property.
650 ## - SUBJECT ADDED ENTRY--TOPICAL TERM
Topical term or geographic name entry element PROPERTY-COMMERCIAL PROPERTY
650 ## - SUBJECT ADDED ENTRY--TOPICAL TERM
Topical term or geographic name entry element NON-DOMESTIC RATES
650 ## - SUBJECT ADDED ENTRY--TOPICAL TERM
Topical term or geographic name entry element RENT
690 ## - LOCAL SUBJECT ADDED ENTRY--TOPICAL TERM (OCLC, RLIN)
Topical term or geographic name as entry element RATING AND VALUATION
710 ## - ADDED ENTRY--CORPORATE NAME
Corporate name or jurisdiction name as entry element United Kingdom
Subordinate unit Department of the Environment
9 (RLIN) 982
856 40 - ELECTRONIC LOCATION AND ACCESS
Uniform Resource Identifier <a href="https://webarchive.nationalarchives.gov.uk/20050911081345/http://www.odpm.gov.uk/stellent/groups/odpm_localgov/documents/page/odpm_locgov_037195.hcsp">https://webarchive.nationalarchives.gov.uk/20050911081345/http://www.odpm.gov.uk/stellent/groups/odpm_localgov/documents/page/odpm_locgov_037195.hcsp</a>
Public note View the document free of charge at webarchive.nationalarchives.gov.uk
942 ## - ADDED ENTRY ELEMENTS (KOHA)
Suppress in OPAC 0
948 ## - LOCAL PROCESSING INFORMATION (OCLC); SERIES PART DESIGNATOR (RLIN)
c (OCLC) 04/03/1997
Holdings
Withdrawn status Lost status Source of classification or shelving scheme Damaged status Not for loan Home library Current library Shelving location Date acquired Cost, normal purchase price Total Checkouts Full call number Barcode Date last seen Date last checked out Copy number Cost, replacement price Price effective from Koha item type
    Dewey Decimal Classification     London London Basement 09/03/1995 8.25 9 BASEMENT 30045305 06/08/2019 25/03/2008 1 8.25 06/08/2019 Book